000 00303nam a22001337a 4500
008 170815b xxu||||| |||| 00| 0 eng d
020 _a047199426
041 _aeng
080 _a51
100 _a36
101 _aMAT
245 _aTHE ANALYSIS SUVEY DATA MODEL FITING
_cPAYNE.C
942 _2udc
_cBK
999 _c23479
_d23479